Movie Biopics - Sudden Death - Statistics

General Stats
  • This quiz has been taken 2,133 times
    2,103 since last reset
  • The average score is 8 of 23
Answers on the Grid
Answers color-coded by a green-red scale on the quiz's grid according to % correct below.
Lincoln
Ray
Bohemian Rhapsody
Elvis
Priscilla
Rocketman
Saving Mr. Banks
McFarland, USA
42
Walk the Line
Secretariat
Seabiscuit
Remember the Titans
Reagan
I Can Only Imagine
Hacksaw Ridge
Oppenheimer
Dunkirk
Sully
Captain Phillips
Ed Wood
Big Eyes
Forrest Gump
Cast Away
Being John Malkovich
Adaptation.
Her
Lost in Translation
Here
Fifty Shades of Grey
La La Land
First Man
Fly Me to the Moon
Whiplash
Juno
13 Going on 30
The Greatest Showman
Australia
The Great Gatsby
Moulin Rouge!
 
Answer Stats
Answer % Correct
Oppenheimer
63%
Elvis
62%
Bohemian Rhapsody
60%
Lincoln
53%
Rocketman
53%
Ray
44%
Walk the Line
44%
Sully
42%
Priscilla
39%
Captain Phillips
38%
Reagan
36%
The Greatest Showman
33%
Saving Mr. Banks
27%
Hacksaw Ridge
25%
Seabiscuit
25%
Ed Wood
24%
42
22%
First Man
21%
Secretariat
20%
Remember the Titans
16%
Big Eyes
15%
McFarland, USA
9%
I Can Only Imagine
6%
No matching quizzes found
Score Distribution
Percent of People with Each Score
Percentile by Number Answered
Your Score History
You have not taken this quiz since the last reset